| 000 | 00723nam a2200253Ia 4500 | ||
|---|---|---|---|
| 003 | OSt | ||
| 005 | 20221005070111.0 | ||
| 006 | a|||||r|||| 00| 0 | ||
| 007 | ta | ||
| 008 | 221004b |||||||| |||| 00| 0 snd d | ||
| 020 | _c100 | ||
| 024 | _a121667 | ||
| 037 |
_b052, 30/03/2012, Sindhi Academy, Delhi _cTextual |
||
| 040 |
_aCRL _cCRL _bsnd |
||
| 041 |
_2snd _asnd |
||
| 082 | _aO1593,3:g, Q0 | ||
| 100 |
_aPanjwani Ram _9154139 |
||
| 245 | 0 | _aAnokha azmuda | |
| 260 |
_aMumbai _bShir Chandru Thakur India _c2010 |
||
| 300 |
_a112p. _ccm. |
||
| 650 | _aSINDHI LITERATURE | ||
| 942 |
_hO1593,3:g, Q0 _cTEXL _2cc |
||
| 999 |
_c975679 _d975679 |
||